Silné a slabé stránky vybraných metód finančnej analýzy

Charakteristika vybraných metód finančnej analýzy a pre potreby finančného manažmentu a identifikácia ich silných a slabých stránok.

Gespeichert in:
Bibliographische Detailangaben
1. Verfasser: Musa, Hussam
Weitere Verfasser: Hiadlovský, Vladimír
Format: Buchkapitel
Sprache:Slowakisch
Schlagworte:
Tags: Tag hinzufügen
Keine Tags, Fügen Sie das erste Tag hinzu!

MARC

LEADER 00000nla a2200000 4500
001 0190937
005 20240417075046.4
041 0 |a slo 
044 |a SK 
245 1 0 |a Silné a slabé stránky vybraných metód finančnej analýzy  |c Hussam Musa, Vladimír Hiadlovský 
520 |a Charakteristika vybraných metód finančnej analýzy a pre potreby finančného manažmentu a identifikácia ich silných a slabých stránok. 
610 2 0 |a analýza finančná 
610 2 0 |a analýza swot 
610 2 0 |a podnik 
610 2 0 |a manažment finančný 
610 2 0 |a riadenie finančné 
100 1 |a Musa, Hussam 
700 1 |a Hiadlovský, Vladimír